[Event "Volga 2012"]
[Site "?"]
[Date "2013.01.04"]
[Round "4.1"]
[White "Ulanov, Alexander."]
[Black "Mironov, Vitalij."]
[Result "1-0"]
[WhiteElo "2393"]
[BlackElo "1883"]
[PlyCount "51"]
[EventDate "2013.??.??"]

1. d4 d5 2. Nf3 Nf6 3. c4 e6 4. Nc3 c6 5. e3 Bd6 6. Qc2 Nbd7 7. e4 dxe4 8. Nxe4
Nxe4 9. Qxe4 Bb4+ 10. Bd2 Bxd2+ 11. Nxd2 Qe7 12. O-O-O O-O 13. Bd3 Nf6 14. Qh4
Re8 15. g4 g6 16. g5 Nd7 17. Ne4 h5 18. Nf6+ Nxf6 19. gxf6 Qf8 20. Qg5 Kh7 21.
Qxh5+ Qh6+ 22. Qxh6+ Kxh6 23. f4 Rg8 24. h4 Bd7 25. Rdg1 Raf8 26. Rg5 1-0

[Event "Volga 2012"]
[Site "?"]
[Date "2013.01.04"]
[Round "4.2"]
[White "Mirzaev, Aziz."]
[Black "Dobrocmyslov, Artem."]
[Result "0-1"]
[WhiteElo "2164"]
[BlackElo "1793"]
[PlyCount "88"]

1. b3 e5 2. Bb2 Nc6 3. e3 d6 4. c4 Nf6 5. d3 g6 6. Nf3 Bg7 7. Be2 O-O 8. O-O h6
9. Nbd2 Ne8 10. Qc2 f5 11. a3 g5 12. Ne1 g4 13. f4 exf4 14. Rxf4 Be5 15. Bxe5
dxe5 16. Rf2 f4 17. Nf1 Qg5 18. Qc3 Ng7 19. Nc2 Nf5 20. exf4 exf4 21. d4 Nh4
22. g3 Ng6 23. Nd2 Bf5 24. d5 Nce5 25. Nd4 f3 26. Bf1 h5 27. Re1 h4 28. Ne4 Qh5
29. c5 Rf7 30. gxh4 Bxe4 31. Rxe4 Qxh4 32. Ne6 Rh7 33. Qe3 Qh5 34. Qg5 Qxg5 35.
Nxg5 Rh5 36. Ne6 Kf7 37. Nxc7 Rah8 38. Re3 Kg7 39. Ne6+ Kg8 40. Bd3 g3 41.
Rfxf3 Nxf3+ 42. Rxf3 gxh2+ 43. Kh1 Rxd5 44. Rg3 Re5 0-1

[Event "Volga 2012"]
[Site "?"]
[Date "2013.01.04"]
[Round "4.3"]
[White "Samborskiy, Vadim."]
[Black "Beldyugin, Alexey."]
[Result "1-0"]
[WhiteElo "2110"]
[BlackElo "2063"]
[PlyCount "125"]

1. e4 Nc6 2. Nf3 d6 3. d4 e5 4. dxe5 Nxe5 5. Nxe5 dxe5 6. Qxd8+ Kxd8 7. Nc3 Be6
8. Be3 Ne7 9. O-O-O+ Kc8 10. a3 c6 11. Na4 Ng6 12. Nc5 Bxc5 13. Bxc5 Rd8 14. f3
Kc7 15. Rxd8 Rxd8 16. g3 f6 17. h4 b6 18. Be3 c5 19. Be2 Ne7 20. f4 exf4 21.
gxf4 f5 22. e5 Nc6 23. Rg1 Rd7 24. Rd1 Rxd1+ 25. Kxd1 Bd5 26. Bd3 g6 27. b3 Nd8
28. Ke2 h5 29. Kd2 Nf7 30. c4 Bc6 31. b4 cxb4 32. axb4 Nd8 33. c5 b5 34. Bc2
Bd5 35. Kc3 Kc6 36. Bd1 a6 37. Kd4 Ne6+ 38. Kc3 Kd7 39. Kd3 Nd8 40. Kd4 Ke6 41.
c6 Nxc6+ 42. Kc5 a5 43. bxa5 Nxa5 44. Kxb5 Nc4 45. Bc1 Nxe5 46. fxe5 Kxe5 47.
Kc5 Bg2 48. Bc2 Be4 49. Ba4 Bb7 50. Be8 f4 51. Bxg6 f3 52. Be3 Ba8 53. Bxh5 Ke4
54. Bd4 Kf4 55. Bf2 Bb7 56. Kd4 Bc6 57. Bg6 Bd7 58. h5 Bf5 59. Be3+ Kg4 60.
Bxf5+ Kxf5 61. h6 Kg6 62. Kd3 Kh7 63. Bf4 1-0

[Event "Volga 2012"]
[Site "?"]
[Date "2013.01.04"]
[Round "4.4"]
[White "Sounov, Batyr."]
[Black "Triapkin, Pavel."]
[Result "0-1"]
[WhiteElo "1886"]
[BlackElo "2305"]
[PlyCount "106"]

1. e4 c5 2. Nf3 d6 3. d4 cxd4 4. Nxd4 a6 5. Be2 e5 6. Nb3 Nf6 7. Nc3 Be6 8. Bf3
Be7 9. Be3 Nbd7 10. h3 Nb6 11. Bxb6 Qxb6 12. O-O O-O 13. Re1 Rfd8 14. Qe2 Rac8
15. Rad1 Qc7 16. Qe3 h6 17. Nd2 Nd7 18. Nf1 Nb6 19. Qc1 Bg5 20. Qb1 Nc4 21. Rd3
Qb6 22. Nd1 Qa5 23. c3 Qb6 24. b3 f5 25. Qc2 Na3 26. Qb2 Nb5 27. Nfe3 Bxe3 28.
Nxe3 f4 29. Nd1 Rc6 30. Qd2 Rdc8 31. a4 Nd4 32. b4 Bc4 33. cxd4 Bxd3 34. Qxd3
Qxb4 35. Rf1 Kh8 36. dxe5 dxe5 37. Qd5 Rc5 38. Qd7 R5c7 39. Qe6 Qd4 40. Bg4 Rd8
41. Bf5 Qd6 42. Qb3 Qd3 43. Qb6 Qd6 44. Qa5 Rc5 45. Qb4 Rc7 46. Qb2 Qxd1 47.
Rxd1 Rxd1+ 48. Kh2 Rcc1 49. g3 f3 50. g4 Rg1 51. Qxc1 Rxc1 52. Kg3 Rc4 53. Bd7
Rxe4 0-1

[Event "Volga 2012"]
[Site "?"]
[Date "2013.01.04"]
[Round "4.5"]
[White "Lukianov, Alexander."]
[Black "Olisov, Andrey."]
[Result "1/2-1/2"]
[WhiteElo "1874"]
[BlackElo "2158"]
[PlyCount "126"]
[EventDate "2013.??.??"]

1. e4 e6 2. d4 d5 3. Nd2 Be7 4. Bd3 Nf6 5. e5 Nfd7 6. Ne2 c5 7. c3 Nc6 8. O-O
Qb6 9. Nf3 Nf8 10. Nf4 cxd4 11. cxd4 g6 12. a3 Bd7 13. Be3 Qxb2 14. Rb1 Qxa3
15. Rxb7 Na5 16. Rb1 Bd8 17. Bd2 Nc6 18. Ra1 Qe7 19. Ne2 h6 20. Nc3 f5 21. exf6
Qxf6 22. Nb5 Kf7 23. Ne5+ Kg8 24. Ng4 Qg7 25. Bf4 Rh7 26. Ne5 Bb6 27. Nxc6 Bxc6
28. Be5 Qe7 29. f4 a6 30. Nc3 Qb4 31. Ne2 Bb5 32. Rb1 Qe7 33. Bxb5 axb5 34.
Rxb5 Ra6 35. Qd3 Qa7 36. Rfb1 Rf7 37. R5b3 Kh7 38. Nc3 Nd7 39. Nb5 Qa8 40. Nd6
Rf8 41. h4 h5 42. Rb4 Qc6 43. Kh2 Ra2 44. Qb3 Ra6 45. Qh3 Rf5 46. Qd3 Ra5 47.
Nxf5 gxf5 48. Rb5 Ra4 49. R1b4 Ra1 50. Rb1 Ra4 51. R5b4 Ra5 52. Qb3 Bd8 53. g3
Be7 54. Rb7 Ra3 55. Qb2 Qc4 56. Rb3 Rxb3 57. Qxb3 Qe2+ 58. Kg1 Nxe5 59. dxe5
Bc5+ 60. Kh1 Qe3 61. Kh2 Qe2+ 62. Kh3 Qg4+ 63. Kg2 Qe2+ 1/2-1/2

[Event "Volga 2012"]
[Site "?"]
[Date "2013.01.04"]
[Round "4.7"]
[White "Nikonova, Irina."]
[Black "Tsai, Roman."]
[Result "1-0"]
[WhiteElo "1982"]
[BlackElo "1822"]
[PlyCount "87"]

1. d4 e6 2. Nf3 b6 3. e4 Bb7 4. Bd3 d5 5. e5 c5 6. c3 cxd4 7. cxd4 Bb4+ 8. Nc3
Ne7 9. Qc2 h6 10. O-O O-O 11. Re1 Bxc3 12. Qxc3 Nbc6 13. Bb1 Rc8 14. Qd3 Nf5
15. a3 Nb8 16. Be3 Ba6 17. Qd2 Nxe3 18. Rxe3 Nc6 19. Qc2 g6 20. Qa4 Bb7 21. Rc3
Qd7 22. Qd1 Na5 23. Bd3 Nc4 24. Qc1 Kg7 25. Bxc4 dxc4 26. Qf4 Bxf3 27. Rxf3 Qe7
28. h4 f6 29. exf6+ Qxf6 30. Qe4 Qe7 31. h5 Qg5 32. Qb7+ Kg8 33. hxg6 Rxf3 34.
Qxc8+ Rf8 35. Qxe6+ Kg7 36. Qxc4 Qxg6 37. Re1 Qf6 38. Qc7+ Kg8 39. Qg3+ Kh7 40.
Re5 Rc8 41. Qe3 Rf8 42. Re6 Qg7 43. Qe4+ Kh8 44. Rg6 1-0

[Event "Volga 2012"]
[Site "?"]
[Date "2013.01.04"]
[Round "4.9"]
[White "Gabunov, Fail."]
[Black "Abdurahmanov, Afer."]
[Result "1/2-1/2"]
[WhiteElo "1826"]
[BlackElo "1697"]
[PlyCount "100"]

1. d4 e6 2. c4 d5 3. Nc3 dxc4 4. e3 a6 5. Bxc4 b5 6. Bb3 Bb7 7. Nf3 Bd6 8. O-O
Ne7 9. Re1 Ng6 10. e4 O-O 11. e5 Be7 12. d5 b4 13. dxe6 bxc3 14. exf7+ Kh8 15.
bxc3 Qxd1 16. Rxd1 Bxf3 17. gxf3 Nxe5 18. Bf4 Nxf7 19. Bxc7 Ng5 20. Kg2 Nxf3
21. Bd5 Nh4+ 22. Kg1 Ra7 23. Bb6 Rd7 24. c4 Bd8 25. Bc5 Re8 26. Rd3 Ng6 27. Rb1
Bc7 28. Rdb3 Nf4 29. Ba7 Nxd5 30. cxd5 Rdd8 31. Rb7 Be5 32. R1b6 h6 33. Re6
Rxe6 34. dxe6 Re8 35. e7 Nc6 36. Bc5 Bf6 37. Rb6 Nxe7 38. Rxa6 Nd5 39. a4 Nf4
40. Kf1 Nd3 41. Be3 Ne5 42. a5 Nc4 43. Bxh6 Bd8 44. Be3 Nxe3+ 45. fxe3 Rxe3 46.
Ra8 Rd3 47. a6 Kh7 48. Rb8 Rd1+ 49. Ke2 Ra1 50. Rxd8 Rxa6 1/2-1/2

[Event "Volga 2012"]
[Site "?"]
[Date "2013.01.04"]
[Round "4.11"]
[White "Anikin, Victor."]
[Black "Pegov, Valery."]
[Result "1-0"]
[WhiteElo "1801"]
[BlackElo "1630"]
[PlyCount "81"]

1. b3 e5 2. g3 d5 3. Na3 Bc5 4. c3 Qf6 5. e3 Nh6 6. f3 Bd7 7. Nc2 O-O 8. Nh3 d4
9. Nf2 Bc6 10. Ne4 Qf5 11. Bg2 Nd7 12. O-O dxc3 13. dxc3 Rad8 14. Qe2 Bxe4 15.
fxe4 Qg6 16. a4 a6 17. Qc4 Qb6 18. b4 Bd6 19. Qe2 a5 20. Bd2 axb4 21. cxb4 c5
22. b5 Qc7 23. a5 c4 24. b6 Qc6 25. Bb4 Bc5 26. Qxc4 Ng4 27. Bxc5 Qxc5 28. Qxc5
Nxc5 29. h3 Nf6 30. Rf5 Rfe8 31. Nb4 Nfxe4 32. Kh2 f6 33. Rff1 Rd2 34. Rfd1
Red8 35. Rxd2 Rxd2 36. Ra2 Rd6 37. a6 bxa6 38. b7 Rb6 39. Nxa6 Nc3 40. Nxc5
Nxa2 41. Bd5+ 1-0

[Event "Volga 2012"]
[Site "?"]
[Date "2013.01.04"]
[Round "4.12"]
[White "Nikitin, Dmitry."]
[Black "Logunova, Elizaveta."]
[Result "1-0"]
[WhiteElo "1783"]
[BlackElo "1618"]
[PlyCount "83"]

1. e4 c6 2. d4 d5 3. exd5 cxd5 4. c4 Nf6 5. Nc3 Nc6 6. Be3 e6 7. Nf3 Be7 8. a3
O-O 9. c5 Bd7 10. b4 b6 11. b5 Na5 12. Be2 Qc7 13. c6 Bc8 14. O-O a6 15. Ne5
Bd6 16. f4 axb5 17. Nxb5 Qd8 18. Rc1 Bc7 19. Bd2 Ne4 20. Bb4 Re8 21. Bd3 f5 22.
Qh5 Bxe5 23. fxe5 Ba6 24. a4 Bxb5 25. Bxb5 Qc7 26. Rf3 h6 27. Rh3 Rac8 28. Qg6
Kh8 29. Re3 Ra8 30. Bd6 Nxd6 31. exd6 Qxd6 32. c7 Rec8 33. Rxe6 Qf4 34. Rce1
Qxc7 35. Re7 Qxe7 36. Rxe7 Rc1+ 37. Kf2 Rc2+ 38. Kg3 Rg8 39. Bd3 Rc3 40. Qxf5
g6 41. Qf6+ Rg7 42. Qxg7# 1-0

[Event "Volga 2012"]
[Site "?"]
[Date "2013.01.04"]
[Round "4.16"]
[White "Drozhdin, Vladimir."]
[Black "Golubchikov, Alexey."]
[Result "1-0"]
[WhiteElo "1737"]
[BlackElo "1793"]
[PlyCount "59"]
[EventDate "2013.??.??"]

1. d4 d5 2. c4 c6 3. Nc3 Bf5 4. Qb3 Qb6 5. Nf3 Qxb3 6. axb3 e6 7. c5 Na6 8. Na2
Nf6 9. e3 Nc7 10. Nc3 Be7 11. Be2 O-O 12. O-O Nd7 13. b4 Bf6 14. b5 Rfc8 15.
Bd2 cxb5 16. Nxb5 Nxb5 17. Bxb5 Nf8 18. Rfc1 b6 19. c6 Rc7 20. Bb4 a6 21. Bd6
Rca7 22. c7 e5 23. Bc6 Rc8 24. dxe5 Be7 25. Bxd5 Bxd6 26. exd6 Bd7 27. Ne5 g6
28. Bc6 Bxc6 29. Nxc6 Raa8 30. Ne7+ 1-0

[Event "Volga 2012"]
[Site "?"]
[Date "2013.01.05"]
[Round "5.1"]
[White "Dobrocmyslov, Artem."]
[Black "Ulanov, Alexander."]
[Result "0-1"]
[WhiteElo "1793"]
[BlackElo "2393"]
[PlyCount "134"]

1. d4 Nf6 2. Nc3 d5 3. Bg5 Nbd7 4. Nf3 h6 5. Bf4 c5 6. e3 a6 7. Bd3 e6 8. O-O
Nh5 9. Bg3 Nxg3 10. hxg3 Be7 11. e4 cxd4 12. Nxd4 Bf6 13. Nde2 dxe4 14. Bxe4
O-O 15. Qd2 Qb6 16. Rfd1 Rd8 17. Qd6 Qxd6 18. Rxd6 Nc5 19. Rad1 Rxd6 20. Rxd6
Kf8 21. Bf3 Rb8 22. b4 Nd7 23. a3 Ne5 24. Ne4 Be7 25. Rd4 Bd7 26. c4 Bc6 27.
Nd2 Nxf3+ 28. Nxf3 f6 29. Nc3 Kf7 30. Rd1 b6 31. Nd4 Be8 32. Re1 Bd7 33. Rd1
Rc8 34. Nde2 Ke8 35. Rd4 e5 36. Rd2 Rxc4 37. Nd5 Bd8 38. Nec3 Bc6 39. Ne2 Bxd5
40. Rxd5 Rc2 41. Kf1 Ra2 42. Nc3 Rxa3 43. Ne4 Be7 44. Nd6+ Bxd6 45. Rxd6 b5 46.
Ke2 h5 47. Rb6 Kf7 48. Rb7+ Kg6 49. Ra7 Ra4 50. f3 Kf5 51. Kf2 g5 52. Ra8 Ke6
53. Ke3 h4 54. g4 Rxb4 55. Rxa6+ Kf7 56. Ra7+ Kg6 57. Rb7 Rb2 58. Rb6 Rxg2 59.
Rxb5 Ra2 60. Rb8 Ra4 61. Rh8 Rf4 62. Re8 e4 63. fxe4 Rxg4 64. Rh8 Kg7 65. Rh5
Rg1 66. Kf2 Ra1 67. e5 Kg6 0-1

[Event "Volga 2012"]
[Site "?"]
[Date "2013.01.05"]
[Round "5.2"]
[White "Triapkin, Pavel."]
[Black "Samborskiy, Vadim."]
[Result "0-1"]
[WhiteElo "2305"]
[BlackElo "2110"]
[PlyCount "94"]

1. e4 e5 2. Bc4 Bc5 3. Nf3 Nc6 4. c3 Nf6 5. d4 exd4 6. cxd4 Bb4+ 7. Bd2 Bxd2+
8. Nbxd2 d5 9. exd5 Nxd5 10. O-O O-O 11. Ne5 Nxe5 12. dxe5 Nb6 13. Bb3 Qe7 14.
f4 Bf5 15. Qf3 Qb4 16. Qc3 Qxc3 17. bxc3 Rad8 18. Nf3 c5 19. c4 Bd3 20. Rfc1 h6
21. Kf2 Rfe8 22. g4 g6 23. Ke3 g5 24. f5 Nd7 25. Kxd3 Nxe5+ 26. Ke2 Nxg4+ 27.
Kf1 Re3 28. Kg2 Re2+ 29. Kg1 Ne3 30. Re1 Rxe1+ 31. Rxe1 Nxf5 32. Re5 Nd4 33.
Nxd4 cxd4 34. Re7 b6 35. Rxa7 d3 36. Kf2 Re8 37. Rd7 Re2+ 38. Kg3 Re3+ 39. Kf2
Re2+ 40. Kf3 Rxh2 41. Rxd3 Rh3+ 42. Ke4 f5+ 43. Kd4 Rxd3+ 44. Kxd3 Kf7 45. Kd4
Ke7 46. Ke5 g4 47. Bc2 g3 0-1

[Event "Volga 2012"]
[Site "?"]
[Date "2013.01.05"]
[Round "5.3"]
[White "Saveliev, Dmitry."]
[Black "Nikonova, Irina."]
[Result "0-1"]
[WhiteElo "2109"]
[BlackElo "1982"]
[PlyCount "89"]

1. d4 d6 2. e4 Nf6 3. Nc3 Nc6 4. h3 e5 5. Nf3 Be7 6. Bg5 Bd7 7. d5 Nb8 8. Qd2
a5 9. a4 Na6 10. Bxa6 Rxa6 11. O-O O-O 12. Rfb1 Ne8 13. Bxe7 Qxe7 14. b4 axb4
15. Rxb4 Bc8 16. Qg5 f6 17. Qe3 f5 18. Nd2 Qh4 19. Qg3 Qh5 20. exf5 Qxf5 21.
Nce4 c6 22. Qb3 Kh8 23. c4 Qg6 24. a5 cxd5 25. cxd5 Nf6 26. Nxf6 gxf6 27. Qg3
Qf7 28. Qd3 Rg8 29. Kh2 Qg7 30. Qf1 Qg5 31. Nf3 Qh5 32. Ng1 Qf7 33. Qd3 Qg7 34.
g3 f5 35. Qc3 f4 36. Rc4 fxg3+ 37. fxg3 Qf8 38. Kg2 b6 39. Rf1 Qe8 40. Rc7 Bd7
41. axb6 Rxb6 42. Qf3 Rb2+ 43. Kh1 Qd8 44. Ra7 Be8 45. h4 0-1

[Event "Volga 2012"]
[Site "?"]
[Date "2013.01.05"]
[Round "5.4"]
[White "Mironov, Vitalij."]
[Black "Seyfutdinov, Rustam."]
[Result "1-0"]
[WhiteElo "1883"]
[BlackElo "1893"]
[PlyCount "140"]

1. d4 Nf6 2. c4 g6 3. Nc3 Bg7 4. e4 d6 5. Nf3 O-O 6. h3 Nbd7 7. Be2 e5 8. Be3
c6 9. d5 c5 10. Qd2 Ne8 11. g4 Nb6 12. g5 f5 13. gxf6 Nxf6 14. O-O-O Qe7 15.
Bg5 Bd7 16. Rdg1 Qf7 17. Nh4 Ne8 18. Rg2 Kh8 19. Rhg1 Nc8 20. Rh2 Ne7 21. Kb1
Bf6 22. Nf3 Bxg5 23. Rxg5 Ng7 24. h4 Qf4 25. Qxf4 Rxf4 26. Nd2 Raf8 27. Rgg2 h6
28. Nd1 Kh7 29. a3 Ng8 30. b4 b6 31. b5 Nf6 32. Nc3 Ngh5 33. Bxh5 Nxh5 34. Ne2
R4f6 35. Kb2 Nf4 36. Nxf4 Rxf4 37. f3 Rg8 38. Rg1 Kg7 39. a4 Kf6 40. a5 h5 41.
Ra1 Rb8 42. axb6 axb6 43. Ra7 Bc8 44. Kc3 Rb7 45. Ra8 Bd7 46. Kd3 Ke7 47. Ke3
Be8 48. Nb1 Bd7 49. Nc3 Bg4 50. fxg4 Rxg4 51. Ne2 Kf6 52. Ra6 Kg7 53. Nc3 Rg3+
54. Kd2 Rf7 55. Rxb6 Rff3 56. Ne2 Rg4 57. Rxd6 Rxe4 58. b6 Rxc4 59. Rc6 e4 60.
Re6 Rd3+ 61. Ke1 Rxd5 62. Rg2 Rb4 63. Rgxg6+ Kf7 64. Rgf6+ Kg7 65. Nf4 Rb1+ 66.
Ke2 Rb2+ 67. Ke3 Rb3+ 68. Kxe4 Rd4+ 69. Kf5 Rf3 70. Kg5 Kg8 1-0

[Event "Volga 2012"]
[Site "?"]
[Date "2013.01.05"]
[Round "5.5"]
[White "Abdurahmanov, Afer."]
[Black "Mirzaev, Aziz."]
[Result "0-1"]
[WhiteElo "1697"]
[BlackElo "2164"]
[PlyCount "88"]

1. g3 d5 2. Bg2 Nf6 3. c4 d4 4. Qb3 Nc6 5. Nf3 e5 6. d3 Be7 7. O-O O-O 8. e3
Nd7 9. exd4 exd4 10. a3 Nc5 11. Qd1 a5 12. Bf4 Bf5 13. Ne1 Qd7 14. h3 a4 15.
Bd5 Bf6 16. f3 h5 17. Be4 Ra5 18. Nd2 Ne6 19. b4 axb3 20. Nxb3 Nxf4 21. Bxc6
bxc6 22. Nxa5 Ng6 23. Nb3 Qd6 24. f4 Bg4 25. Qd2 Re8 26. Rf2 Re3 27. Rg2 Bxh3
28. Nc2 Rf3 29. a4 c5 30. a5 Bh4 31. gxh4 Bxg2 32. Qxg2 Nxh4 33. Qg5 Rxf4 34.
Qxh5 Nf3+ 35. Kg2 Ne5 36. Rh1 Rg4+ 37. Kh3 Qc6 38. Qxg4 Qxh1+ 39. Kg3 Qg1+ 40.
Kf4 Nxg4 41. Nxc5 Nf6 42. Ke5 Qh2+ 43. Kxd4 Qd6+ 44. Kc3 Qxc5 0-1

[Event "Volga 2012"]
[Site "?"]
[Date "2013.01.05"]
[Round "5.6"]
[White "Beldyugin, Alexey."]
[Black "Lukianov, Alexander."]
[Result "1-0"]
[WhiteElo "2063"]
[BlackElo "1874"]
[PlyCount "89"]

1. Nf3 Nf6 2. c4 e6 3. g3 b6 4. b3 Bb7 5. Bg2 Be7 6. Bb2 O-O 7. O-O d6 8. Nc3
Nbd7 9. Qc2 Nc5 10. b4 Nce4 11. Nxe4 Bxe4 12. d3 Bb7 13. e4 e5 14. Nh4 a5 15.
a3 axb4 16. axb4 Qd7 17. Nf5 Rxa1 18. Rxa1 Ra8 19. Bh3 Rxa1+ 20. Bxa1 Qe8 21.
Qa2 Bf8 22. Qa7 Qa8 23. Qxa8 Bxa8 24. f4 Ne8 25. Kf2 g6 26. Ne3 exf4 27. gxf4
Bg7 28. Bxg7 Nxg7 29. Nd1 Kf8 30. Nc3 Bc6 31. b5 Bb7 32. Ke3 Ke7 33. d4 f5 34.
e5 dxe5 35. fxe5 Ne6 36. Ne2 Ng5 37. Nf4 Nxh3 38. Nxh3 Bg2 39. Nf4 Be4 40. h4
Kf7 41. d5 h6 42. Ne6 Bg2 43. Nxc7 Bf1 44. c5 Ke7 45. d6+ 1-0

[Event "Volga 2012"]
[Site "?"]
[Date "2013.01.05"]
[Round "5.7"]
[White "Olisov, Andrey."]
[Black "Sounov, Batyr."]
[Result "1-0"]
[WhiteElo "2158"]
[BlackElo "1886"]
[PlyCount "59"]

1. e4 c5 2. c3 d5 3. exd5 Qxd5 4. d4 Nc6 5. Nf3 Bg4 6. dxc5 Qxd1+ 7. Kxd1 Bxf3+
8. gxf3 a5 9. Bd2 e5 10. b4 axb4 11. cxb4 O-O-O 12. a3 Be7 13. Ra2 Nd4 14. Be2
Nf6 15. Nc3 Nd5 16. Bc4 Nxc3+ 17. Bxc3 Rhf8 18. a4 Nxf3+ 19. Kc2 f6 20. a5 Kc7
21. Rha1 Nd4+ 22. Kb2 Ra8 23. Bxd4 exd4 24. Re1 Kd8 25. Bd5 Rb8 26. Kb3 f5 27.
Kc4 Bf6 28. b5 Re8 29. Rxe8+ Kxe8 30. a6 1-0

[Event "Volga 2012"]
[Site "?"]
[Date "2013.01.05"]
[Round "5.8"]
[White "Nikitin, Dmitry."]
[Black "Parshakov, Vladimir."]
[Result "0-1"]
[WhiteElo "1783"]
[BlackElo "1946"]
[PlyCount "76"]
[EventDate "2013.??.??"]

1. e4 c5 2. Nc3 e6 3. g3 a6 4. Bg2 Nc6 5. d3 Nf6 6. f4 d6 7. Nf3 Qc7 8. O-O Be7
9. h3 O-O 10. g4 b5 11. Ne2 Bb7 12. Ng3 Nd4 13. Nxd4 cxd4 14. g5 Nd7 15. f5 d5
16. Qg4 Ne5 17. Qh4 exf5 18. exf5 f6 19. Kh1 Qxc2 20. g6 hxg6 21. fxg6 Nxg6 22.
Qxd4 Rad8 23. Nf5 Rf7 24. Qg4 Ne5 25. Qg3 Qxd3 26. Nh6+ Kf8 27. Qxd3 Nxd3 28.
Nxf7 Kxf7 29. a4 b4 30. b3 Nc5 31. Rb1 Bc8 32. Bf4 Be6 33. Bc7 Rd7 34. Bb6 Ne4
35. Bxe4 dxe4 36. Rfe1 Rd3 37. Re3 Rxe3 38. Bxe3 Bxh3 0-1

[Event "Volga 2012"]
[Site "?"]
[Date "2013.01.05"]
[Round "5.10"]
[White "Tsai, Roman."]
[Black "Liadov, Anton."]
[Result "1/2-1/2"]
[WhiteElo "1822"]
[BlackElo "1655"]
[PlyCount "88"]

1. e4 e6 2. d4 d5 3. exd5 exd5 4. Bd3 Bd6 5. Ne2 Ne7 6. O-O c6 7. Bf4 Bxf4 8.
Nxf4 Qb6 9. Qe2 Qxd4 10. Nh5 Bg4 11. Nxg7+ Qxg7 12. f3 Be6 13. Nc3 Nd7 14. f4
Bg4 15. Qf2 O-O 16. f5 f6 17. Rae1 Ne5 18. Qg3 Nxd3 19. Rxe7 Qxe7 20. Qxg4+ Qg7
21. Qxg7+ Kxg7 22. cxd3 Rfe8 23. Rf3 Re5 24. Kf2 Kf7 25. g4 Rg8 26. Rh3 Rxg4
27. Rxh7+ Rg7 28. Rh5 Ke7 29. Ne2 Kd6 30. Ng3 c5 31. Rh6 Rf7 32. Rh4 b5 33. b3
b4 34. Rh8 Ree7 35. Rd8+ Kc6 36. h4 a5 37. Rc8+ Kb5 38. Rb8+ Rb7 39. Rd8 Rbd7
40. Rc8 a4 41. h5 axb3 42. axb3 Ra7 43. Rb8+ Kc6 44. Rc8+ Kd6 1/2-1/2

[Event "Volga 2012"]
[Site "?"]
[Date "2013.01.05"]
[Round "5.15"]
[White "Logunova, Elizaveta."]
[Black "Makarenko, Vladimir."]
[Result "1/2-1/2"]
[WhiteElo "1618"]
[BlackElo "1958"]
[PlyCount "69"]

1. d4 f5 2. Nf3 Nf6 3. Bf4 g6 4. h3 Bg7 5. e3 d5 6. c4 e6 7. Nc3 O-O 8. Be2 c6
9. c5 b6 10. b4 a5 11. a3 Na6 12. O-O bxc5 13. bxc5 Nd7 14. Qa4 Ndxc5 15. dxc5
Bxc3 16. Rac1 Bf6 17. Qxc6 Bd7 18. Qb7 Ba4 19. c6 Qc8 20. Bxa6 Rxa6 21. Ne5 g5
22. Bg3 f4 23. exf4 Bxe5 24. fxe5 Bxc6 25. Qe7 Rf7 26. Qxg5+ Rg7 27. Qe3 Qd8
28. Rc5 h5 29. Rfc1 h4 30. Bxh4 Rxg2+ 31. Kf1 Rg7 32. Bg3 Bb5+ 33. Ke1 Bc4 34.
Rb1 a4 35. Qc3 1/2-1/2

[Event "Volga 2012"]
[Site "?"]
[Date "2013.01.05"]
[Round "5.17"]
[White "Golubchikov, Alexey."]
[Black "Breskanu, Nikita."]
[Result "0-1"]
[WhiteElo "1793"]
[BlackElo "1442"]
[PlyCount "42"]

1. e4 c6 2. d4 d5 3. e5 Bf5 4. Bd3 Bxd3 5. Qxd3 e6 6. f4 Ne7 7. c3 Nf5 8. Nf3
Nd7 9. O-O c5 10. dxc5 Bxc5+ 11. Kh1 O-O 12. g4 Nh4 13. Ng5 Ng6 14. Qh3 h6 15.
Nf3 Qb6 16. g5 Be3 17. gxh6 Nxf4 18. Qg4 g6 19. Bxe3 Qxe3 20. Nbd2 Nxe5 21. Qh4
Nxf3 0-1

[Event "Volga 2012"]
[Site "?"]
[Date "2013.01.05"]
[Round "6.1"]
[White "Ulanov, Alexander."]
[Black "Samborskiy, Vadim."]
[Result "1-0"]
[WhiteElo "2393"]
[BlackElo "2110"]
[PlyCount "81"]

1. d4 d5 2. Nf3 Nf6 3. c4 e6 4. Nc3 c6 5. e3 Be7 6. Bd3 dxc4 7. Bxc4 Nbd7 8.
O-O O-O 9. e4 b5 10. Bd3 b4 11. Na4 Bb7 12. Qe2 Qa5 13. b3 e5 14. Nxe5 Nxe5 15.
dxe5 Qxe5 16. Bb2 Qf4 17. Rac1 Rad8 18. e5 Nd5 19. g3 Qh6 20. f4 Nc7 21. Rf2
Ne6 22. Be4 Rd7 23. Qe3 c5 24. Bxb7 Rxb7 25. Rd1 Rd8 26. Rfd2 Rxd2 27. Rxd2 Rc7
28. Qe4 Nf8 29. Kg2 Qc6 30. Qxc6 Rxc6 31. Re2 g6 32. Bc1 Nd7 33. Bd2 Re6 34.
Be3 Rc6 35. Rc2 Kf8 36. Kf3 Ke8 37. Ke4 Rc8 38. g4 Kd8 39. f5 Bf8 40. h3 h5 41.
gxh5 1-0

[Event "Volga 2012"]
[Site "?"]
[Date "2013.01.05"]
[Round "6.2"]
[White "Nikonova, Irina."]
[Black "Beldyugin, Alexey."]
[Result "0-1"]
[WhiteElo "1982"]
[BlackElo "2063"]
[PlyCount "74"]

1. d4 Nc6 2. c4 e5 3. dxe5 Nxe5 4. e3 Nf6 5. Nc3 Bb4 6. Bd2 O-O 7. Nd5 Nxd5 8.
cxd5 Qe7 9. Nf3 Nxf3+ 10. gxf3 c6 11. Bc4 b5 12. Bd3 Bb7 13. Qc2 Bxd2+ 14. Kxd2
Qh4 15. Ke2 Qh5 16. Rag1 cxd5 17. Qc7 Bc6 18. Qg3 g6 19. Qf4 f6 20. Rg4 Qe5 21.
Qd4 Rae8 22. Rhg1 f5 23. Rf4 Qxd4 24. Rxd4 f4 25. Bc2 Re5 26. Rg4 fxe3 27. fxe3
Rfe8 28. Rd3 a5 29. f4 Re4 30. Kf2 d4 31. Bb3+ Kg7 32. Rxd4 Rxe3 33. Bd1 Rh3
34. Kg1 Re1+ 35. Kf2 Rh1 36. Be2 R1xh2+ 37. Kf1 Rxe2 0-1

[Event "Volga 2012"]
[Site "?"]
[Date "2013.01.05"]
[Round "6.3"]
[White "Mironov, Vitalij."]
[Black "Dobrocmyslov, Artem."]
[Result "0-1"]
[WhiteElo "1883"]
[BlackElo "1793"]
[PlyCount "90"]

1. d4 Nf6 2. c4 e6 3. Nf3 b6 4. g3 Bb7 5. Bg2 Be7 6. Nc3 d5 7. O-O O-O 8. Ne5
Nbd7 9. cxd5 Nxd5 10. Nxd7 Qxd7 11. e4 Nxc3 12. bxc3 c5 13. Be3 Rac8 14. Qb3
Ba6 15. Rfd1 cxd4 16. cxd4 Bc4 17. Qb2 Qa4 18. a3 Rfd8 19. Bf3 Qb3 20. Qxb3
Bxb3 21. Rdc1 b5 22. Rxc8 Rxc8 23. Rc1 Rxc1+ 24. Bxc1 b4 25. axb4 Bxb4 26. d5
exd5 27. exd5 Kf8 28. Be4 a5 29. Bb2 a4 30. f4 a3 31. Bc1 Ke7 32. Kf2 Kd6 33.
Ke3 h6 34. g4 Bxd5 35. Bc2 Kc5 36. h4 Kc4 37. Bb1 Kb3 38. Kd3 Bc4+ 39. Kd4 Bc3+
40. Kc5 Be2 41. Be4 Bb4+ 42. Kd4 Bxg4 43. Bd5+ Kc2 44. Bxa3 Bxa3 45. Bxf7 Be7
0-1

[Event "Volga 2012"]
[Site "?"]
[Date "2013.01.05"]
[Round "6.4"]
[White "Mirzaev, Aziz."]
[Black "Olisov, Andrey."]
[Result "1/2-1/2"]
[WhiteElo "2164"]
[BlackElo "2158"]
[PlyCount "47"]

1. d4 Nf6 2. c4 e6 3. g3 c5 4. d5 exd5 5. cxd5 d6 6. Nc3 g6 7. Bg2 Bg7 8. Nf3
O-O 9. O-O a6 10. a4 Re8 11. Nd2 Nbd7 12. h3 Rb8 13. a5 b5 14. axb6 Nxb6 15. e4
Nfd7 16. f4 c4 17. Na4 Nxa4 18. Rxa4 Nc5 19. Rxc4 a5 20. Rc2 Ba6 21. Rf3 Nxe4
22. Nxe4 Rxe4 23. Ra3 Reb4 24. Qe1 1/2-1/2

[Event "Volga 2012"]
[Site "?"]
[Date "2013.01.05"]
[Round "6.5"]
[White "Seyfutdinov, Rustam."]
[Black "Triapkin, Pavel."]
[Result "0-1"]
[WhiteElo "1893"]
[BlackElo "2305"]
[PlyCount "65"]

1. d4 d5 2. Nf3 e6 3. Bf4 c5 4. c3 Nc6 5. e4 Nf6 6. Nbd2 Be7 7. h3 a6 8. Bd3
Bd6 9. Bxd6 Qxd6 10. O-O O-O 11. Ne1 e5 12. dxe5 Nxe5 13. Bc2 b6 14. Nef3 Bb7
15. Nxe5 Qxe5 16. Nf3 Qh5 17. Qe2 Rfe8 18. Rad1 Nxe4 19. Rfe1 b5 20. Nd2 Qxe2
21. Rxe2 Nf6 22. Nb3 Rac8 23. Bf5 Rc7 24. h4 g6 25. Bh3 Kg7 26. g3 d4 27. cxd4
Bf3 28. Red2 Bxd1 29. Rxd1 cxd4 30. Nxd4 Re5 31. Bg2 Rec5 32. Rd2 Rc1+ 33. Kh2
0-1

[Event "Volga 2012"]
[Site "?"]
[Date "2013.01.05"]
[Round "6.6"]
[White "Parshakov, Vladimir."]
[Black "Saveliev, Dmitry."]
[Result "0-1"]
[WhiteElo "1946"]
[BlackElo "2109"]
[PlyCount "64"]

1. d4 e5 2. dxe5 Nc6 3. Nf3 Qe7 4. e3 Nxe5 5. Be2 Nf6 6. Nc3 c6 7. O-O d5 8. b3
Qc7 9. Bb2 Bd6 10. Nxe5 Bxe5 11. h3 h5 12. f4 Bd6 13. Qd3 Bd7 14. a4 O-O-O 15.
Ba3 Bxa3 16. Rxa3 Rhe8 17. b4 Qb6 18. Na2 Ne4 19. a5 Qc7 20. Rf3 Bf5 21. b5 d4
22. b6 axb6 23. axb6 Qxb6 24. Ra8+ Kc7 25. Rxd8 Rxd8 26. g4 hxg4 27. hxg4 dxe3
28. Qxe3 Qb2 29. Kg2 Qxa2 30. gxf5 Qxc2 31. Rf1 Rd2 32. Kf3 Rxe2 0-1